Statistics for Countries which "hate"USA

Click here to take the quiz!

General Stats

  • This quiz has been taken 106 times
  • The average score is 13 of 27

Answer Stats

HintAnswer% Correct
Supports Russia and bad history whit USAChina
94%
Supports Russia and bad history whit USAIran
85%
Supports Russia and bad history whit USANorth korea
84%
USA supports their enemy and bad history whit USAIraq
82%
Supports Russia, and bad history whit USACuba
71%
USA supports their enemy and bad history whit USARussia
71%
Supports Russia and bad history whit USABelarus
69%
USA supports their enemy and bad history whit USASyria
69%
USA supports their enemy and bad history whit USAAfghanistan
61%
USA supports their enemyLibya
61%
Supports Russia, accuses USA of their InflationVenezuela
58%
USA supports their enemy and bad history whit USAYemen
56%
USA supports their enemyTurkey
53%
USA supports their enemySerbia
48%
USA supports their enemySudan
47%
USA supports their enemyAlgeria
44%
USA supports their enemyNiger
44%
USA supports their enemy and bad history whit USASomalia
44%
Supports RussiaNicaragua
37%
USA supports their enemyChad
31%
USA supports their enemyCongo
31%
Bad history whit USALaos
29%
USA supports their enemyAngola
13%
USA supports their enemyMozambique
11%
USA supports their enemy and bad history whit USATanzania
11%
Supports Russia and bad history whit USAKazakstan
6%
USA supports their enemyCentral african rebulic
3%

Score Distribution

Percentile by Number Answered

Percent of People with Each Score

Your Score History

You have not taken this quiz